| 000 | 00698nam a22002417a 4500 | ||
|---|---|---|---|
| 999 |
_c5210 _d5210 |
||
| 001 | 10191 | ||
| 003 | BD-DhUAP | ||
| 005 | 20201203125410.0 | ||
| 008 | 201129r19921993enka b 001 0 eng | ||
| 020 | _a0443046506 | ||
| 040 |
_aDLC _cDLC _dBD-DhUAP _bEng |
||
| 082 |
_223 _a615.1 LAU |
||
| 100 | _aLaurence, D. R. | ||
| 245 | 0 | 0 |
_aClinical pharmacology / _cD. R. Laurence and Peter N. Bennett. |
| 250 | _a7th ed. | ||
| 260 |
_aEdinburgh : _bChurchill Livingstone, _c1992 [Reprinted 1993. |
||
| 300 |
_axii, 686 pages : _billustrations ; _c25 cm. |
||
| 500 | _aIncludes index. | ||
| 650 | 0 | _aClinical pharmacology. | |
| 650 | 0 | _aPharmacology. | |
| 700 | _aBennett, Peter N. | ||
| 942 |
_2ddc _cBK |
||